00561nam a22001697a 450000500170000001000150001702000260003203500140005803700130007208200150008510000190010024501010011926000390022027000820025930000290034150000210037020161111161242.0 aENG-116529 a9789351509776c595.00 aEN-100061 bDBAD/PUB a791.436254 aMitra, Ananda  aIndia on the western screen :cby Ananda Mitrabimaging a country in filim, and digital media / aNew DelhibSAGE Publicationsc2016 aB1/1-1,Mohan Coopertive Industrial Area,Mathura RoadbNew Delhie110044l-m- a174p. :bill.c21cm(pbk) a includes index